| 000 | 00393nam a2200157Ia 4500 | ||
|---|---|---|---|
| 008 | 231217s9999 xx 000 0 und d | ||
| 041 | _aEnglish | ||
| 082 | _a001.6424ORA MEH | ||
| 100 | _aMehta, Subhash | ||
| 245 | 0 | _aComputer facts and formulae: Oracle 7 through 5 to 7 | |
| 250 | _a1st ed. | ||
| 260 |
_c1995 _bGalgotia |
||
| 300 | _axliv+496 | ||
| 650 | _aComputers | ||
| 942 | _cAA | ||
| 999 |
_c164136 _d164136 |
||